[Event "NOR-chT Eliteserien 2018-19"]
[Site "Norway"]
[Date "2019.03.10"]
[Round "9.24"]
[White "Galinsky, Timofey"]
[Black "Diesen, Bruce"]
[Result "1-0"]
[WhiteElo "2369"]
[BlackElo "2144"]
[Annotator "TA"]
[PlyCount "105"]
[EventDate "2018.11.02"]
[EventType "team-tourn"]
[EventCountry "NOR"]
[SourceTitle "playchess.com"]
[Source "ChessBase"]
[SourceQuality "1"]

{[%evp 13,105,0,0,0,6,-2,0,0,0,0,0,0,0,0,4,-23,0,0,0,0,13,0,-4,-14,0,0,0,-1,-7,-8,6,0,0,0,0,4,0,0,66,53,54,57,75,66,67,56,56,49,45,53,72,25,39,40,33,44,61,47,62,60,59,61,59,60,60,52,62,62,86,41,157,141,181,39,503,494,582,539,564,546,692,686,747,637,856,795,1041,1002,5110,5106,3004,2805,4627,678]} 1. d4 Nf6 2. Nf3 e6 3. Bg5 h6 4. Bh4 Be7 5. e3 b6 6. Bd3 Bb7 7. Nbd2 c5 8. O-O {A46: 1 d4 Nf6 2 Nf3 e6: Torre, London and Colle Systems} O-O 9. Qe2 (9. c3 d6 10. a3 Nbd7 11. e4 Nh5 12. Bxe7 Qxe7 13. g3 g6 14. Qe2 Rad8 15. b4 e5 16. bxc5 bxc5 17. Rfb1 Ba8 {1-0 (42) Artemiev,V (2682)-Romanov,E (2636) Sochi 2017}) 9... cxd4 10. exd4 {The position is equal.} Nd5 11. Bxe7 Qxe7 12. Be4 d6 13. a4 $146 ({Predecessor:} 13. c4 Nf6 14. Bxb7 Qxb7 15. b4 {0-1 (32) Lukic,B (2220)-Blesic,V (2254) Belgrade 2005}) 13... Qc7 (13... Rc8 {feels hotter.} 14. Rfc1 Qc7 15. c4 Nf4 16. Qe3 d5) 14. c4 Nf6 15. Bxb7 Qxb7 16. b4 Nbd7 17. a5 bxa5 18. bxa5 Qa6 19. Qe3 Rab8 20. h3 Rfc8 21. Qa3 e5 22. Rfe1 {[%cal Rd4e5]} exd4 23. Nxd4 Ne5 24. Nf5 $36 {[%mdl 2048] Threatens to win with Ne7+. White fights for an advantage.} Rc5 $1 25. Qg3 {[%csl Gf5][%cal Rg3g7]} Ng6 (25... Nh5 $1 $11 26. Qh4 Nf3+ 27. Nxf3 Rxf5) 26. Qxd6 $14 (26. Nxd6 Rg5 $15) 26... Qxd6 27. Nxd6 Rb2 28. N2e4 Nxe4 29. Rxe4 Rc6 30. Re8+ Kh7 31. Rd1 (31. Nxf7 Rf6 $17) 31... Rc5 32. Rd5 Rxd5 33. cxd5 $11 {[%mdl 4096] Endgame KRN-KRN} Rd2 34. Ra8 Rxd5 35. Nb7 $1 Nf4 36. Rxa7 Rg5 37. g3 {h4 is the strong threat.} Nxh3+ 38. Kg2 Nf4+ $1 39. Kf1 Nd3 40. Nd8 Rf5 41. f4 {aiming for a6.} ({But not} 41. Rxf7 Rxa5 42. Rd7 Ne5 $11) ({Reject} 41. Nxf7 $6 Rxf2+ 42. Kg1 Ra2 $11) 41... Kg6 {[#]} ({Black should try} 41... Nb4 $14) 42. Nxf7 $1 $16 {[%mdl 512] Black must now prevent Ke2.} Rb5 ({Avoid the trap} 42... Rxf7 $2 43. Rxf7 Kxf7 44. a6 $18) 43. a6 (43. Ke2 $18 Nc5 44. Nd6 Rb2+ 45. Ke3) 43... Nc5 $2 {[%mdl 8192]} (43... Ra5 $14) 44. Ne5+ $18 {White is clearly winning.} Kh7 {[#]} 45. Ra8 $1 Ra5 46. a7 Ne6 47. Nc6 Ra2 48. Rc8 Ra1+ 49. Kg2 Ra2+ 50. Kh3 Nd4 51. Nxd4 Rxa7 52. Ne6 Kg6 53. Rc7 {Accuracy: White = 69%, Black = 43%.} 1-0

[Event "NOR-chT Eliteserien 2018-19"]
[Site "Norway"]
[Date "2019.03.10"]
[Round "9.25"]
[White "Risting, Eivind Olav"]
[Black "Lie, Espen"]
[Result "1/2-1/2"]
[WhiteElo "2281"]
[BlackElo "2492"]
[Annotator "TA"]
[PlyCount "82"]
[EventDate "2018.11.02"]
[EventType "team-tourn"]
[EventCountry "NOR"]
[SourceTitle "playchess.com"]
[Source "ChessBase"]
[SourceQuality "1"]

{[%evp 19,82,10,22,11,13,10,29,13,17,8,8,16,33,0,0,0,0,0,0,0,0,0,0,0,0,0,0,-7,0,0,0,0,0,0,0,0,0,0,0,0,0,0,0,0,0,0,0,0,0,0,0,0,0,0,0,0,0,0,0,0,0,0,0,0,0]} 1. d4 d5 2. c4 dxc4 3. e3 e5 4. Bxc4 exd4 5. exd4 Nf6 6. Nf3 Be7 7. O-O O-O 8. Nc3 Nbd7 {[%cal Bb8d7,Bd7b6,Bb6d5,Bd5b4][%mdl 32]} 9. h3 Nb6 10. Bb3 c6 {LiveBook: 34 Games} 11. Qd3 {D20: Queen's Gambit Accepted: 3 e3 and 3 e4} (11. Re1 Nbd5 12. Ne5 Be6 13. Bg5 Re8 14. Na4 h6 15. Bh4 Bb4 16. Rf1 Nf4 17. a3 Qxd4 18. Qxd4 Ne2+ 19. Kh1 Nxd4 20. Bxe6 Rxe6 21. axb4 Rxe5 22. Nb6 Rae8 23. Bxf6 gxf6 24. Nd7 Rf5 25. Rxa7 Re2 26. Rxb7 Rxb2 27. f4 Kg7 {0-1 (27) Tkachiev,V (2642)-Carlsen,M (2801) Moscow 2009}) 11... Nbd5 12. Bg5 $146 ({Predecessor:} 12. Nxd5 Nxd5 13. Bc2 g6 14. a3 Bf5 15. Qd1 Bxc2 16. Qxc2 Bf6 17. Bh6 Re8 18. Rad1 Qb6 {½-½ (34) Bindrich,O (2195)-Toma,R (2068) Banska Stiavnica 2007}) 12... Be6 13. Rfe1 {White has an edge.} Re8 14. Rac1 Nb4 15. Qd1 Nfd5 {[%cal Bf6d5,Bd5c7,Bc7e6][%mdl 32]} 16. Qd2 Nc7 {The position is equal.} 17. Bxe6 Nxe6 18. Bxe7 Rxe7 19. a3 Nd5 20. Nxd5 Qxd5 21. Re5 Qd8 22. Qe3 Qd6 23. Ng5 Rae8 24. Re1 h6 25. Nxe6 Rxe6 26. f4 Kf8 27. f5 R6e7 28. Kf2 b6 29. b4 f6 30. Re6 Rxe6 31. fxe6 $11 {[%mdl 4096] Endgame KQR-KQR} Qd5 32. Qf4 a5 33. Qc7 {[%csl Ge6][%cal Rc7f7] [#]} Rxe6 34. Rxe6 {Qc8+ would kill now.} Qxe6 35. Qxb6 {KQ-KQ} Qf5+ 36. Kg1 Qb1+ 37. Kh2 {[#] Strongly threatening d5.} axb4 38. axb4 Qe4 39. Qd8+ Kf7 40. Qd7+ Kg8 41. Qd6 Kf7 {Precision: White = 73%, Black = 87%.} 1/2-1/2

[Event "NOR-chT Eliteserien 2018-19"]
[Site "Norway"]
[Date "2019.03.10"]
[Round "9.26"]
[White "Hobber, Anders"]
[Black "Dahl, Trygve"]
[Result "1/2-1/2"]
[WhiteElo "2310"]
[BlackElo "2342"]
[Annotator "TA"]
[PlyCount "69"]
[EventDate "2018.11.02"]
[EventType "team-tourn"]
[EventCountry "NOR"]
[SourceTitle "playchess.com"]
[Source "ChessBase"]
[SourceQuality "1"]

{[%evp 17,69,35,47,40,40,40,35,35,46,41,52,60,48,35,72,68,95,22,26,25,35,27,8,0,0,0,48,0,0,0,0,0,0,0,0,0,0,0,0,0,0,0,0,0,0,0,0,0,0,0,0,0,0,0]} 1. Nf3 Nf6 2. g3 g6 3. Bg2 Bg7 4. O-O O-O 5. d4 d6 6. b3 e5 7. dxe5 Ng4 8. Bb2 Nc6 9. c4 Ngxe5 10. Qc1 {A49: 1 d4 Nf6 2 Nf3 g6 3 g3: Anti-King's Indian systems} (10. Nc3 a5 11. Qd2 Be6 12. Nxe5 dxe5 13. Rfd1 Qxd2 14. Rxd2 Rfd8 15. Rad1 Rxd2 16. Rxd2 Rd8 17. Rxd8+ Nxd8 18. Nd5 {1-0 (79) Moussard,J (2570)-Pavlidis,A (2563) Orsay 2018}) 10... Nxf3+ 11. Bxf3 Nd4 12. Rd1 {White is slightly better.} Nxf3+ 13. exf3 b6 14. Bxg7 Kxg7 15. Nc3 $146 ({Predecessor:} 15. Qb2+ f6 16. Nc3 Bb7 17. Nd5 Qd7 {0-1 (44) Jimenez,J (2173)-Meddah,N (2224) Turin 2006}) 15... Qf6 16. Nd5 Qxf3 {[#]} 17. Qb2+ (17. Re1 $1 $16) 17... f6 $11 18. Re1 $1 {[%cal Re1e3]} Rf7 19. Re3 {[%mdl 1024] White has compensation.} Qf5 20. Rae1 {Black must now prevent Qc3.} Bb7 21. Nf4 a5 22. Re7 (22. Qe2 $5 {[%cal Rf4e6]} g5 23. Ne6+ Kh8 24. Nd4 $11) 22... Rxe7 {The position is equal.} 23. Rxe7+ Kg8 24. Qc1 Rc8 25. Nd5 Bxd5 26. cxd5 {[%mdl 4096] [#] Endgame Intending Qh6 and mate. KQR-KQR} g5 27. Qc6 g4 28. Qc1 Qg6 29. Qe3 Qb1+ 30. Kg2 {Threatening mate with Qe6+.} Qf5 31. Qh6 {[%csl Ge7][%cal Rh6g7]} Qxd5+ 32. Kg1 {[%csl Ge7][%cal Rh6g7]} Qd1+ 33. Kg2 {[%csl Ge7][%cal Rh6g7]} Qf3+ 34. Kg1 {[%csl Ge7][%cal Rh6g7]} Qd1+ 35. Kg2 {Accuracy: White = 71%, Black = 73%.} 1/2-1/2

[Event "NOR-chT Eliteserien 2018-19"]
[Site "Norway"]
[Date "2019.03.10"]
[Round "9.27"]
[White "Lundeby, Oyvind Andersen"]
[Black "Hole, Oystein"]
[Result "1/2-1/2"]
[WhiteElo "2152"]
[BlackElo "2299"]
[Annotator "TA"]
[PlyCount "46"]
[EventDate "2018.11.02"]
[EventType "team-tourn"]
[EventCountry "NOR"]
[SourceTitle "playchess.com"]
[Source "ChessBase"]
[SourceQuality "1"]

{[%evp 13,46,0,0,5,20,0,20,0,6,4,8,0,41,41,47,35,63,59,65,47,46,47,44,28,29,29,35,29,44,35,42,36,72,67,69]} 1. d4 d5 2. Bf4 Nf6 3. e3 e6 4. Nd2 Bd6 5. Bg3 c5 6. c3 Nc6 7. Ngf3 O-O 8. Bb5 {D02: 1 d4 d5 2 Nf3 sidelines, including 2...Nf6 3 g3 and 2...Nf6 3 Bf4} cxd4 9. cxd4 (9. exd4 Ne7 10. Bd3 Ng6 11. O-O Bxg3 12. fxg3 b5 13. Qe2 Qb6 14. Ng5 b4 15. Ndf3 h6 {½-½ (34) Naroditsky,D (2616)-Mamedyarov,S (2817) chess.com INT 2019}) 9... Qc7 $146 ({Predecessor:} 9... Qe7 10. Bxc6 bxc6 11. Qc2 Bd7 12. Bxd6 Qxd6 13. O-O Rfc8 14. Rac1 Rab8 15. b3 Rb5 {1-0 (32) Birkisson,B (2190)-Jappinen,E (2026) Kopavogur 2018}) 10. O-O {The position is equal.} Bxg3 11. hxg3 Qb6 12. Bxc6 bxc6 13. Qc2 Rb8 14. Rab1 Bd7 15. Ne5 Rfc8 16. Nd3 (16. Nb3 {is more complex.} Be8 17. Nc5 Qd8 18. a3 Qe7 19. Rbc1) 16... Be8 17. Nc5 Nd7 18. Rfc1 (18. Nxd7 {looks sharper.} Bxd7 19. b4 Be8 20. Qc3 f6 21. a3) 18... Nxc5 19. Qxc5 Qxc5 20. Rxc5 Kf8 21. b4 Ke7 22. a3 Kd6 23. Rbc1 f6 {Accuracy: White = 65%, Black = 50%.} 1/2-1/2

[Event "NOR-chT Eliteserien 2018-19"]
[Site "Norway"]
[Date "2019.03.10"]
[Round "9.28"]
[White "Skrondal, Inge Sandstad"]
[Black "Soderstrom, Adrian"]
[Result "1-0"]
[WhiteElo "2281"]
[BlackElo "2118"]
[Annotator "TA"]
[PlyCount "123"]
[EventDate "2018.11.02"]
[EventType "team-tourn"]
[EventCountry "NOR"]
[SourceTitle "playchess.com"]
[Source "ChessBase"]
[SourceQuality "1"]

{[%evp 23,123,15,31,13,42,41,43,38,44,19,37,15,110,36,110,73,114,120,128,90,166,156,206,190,200,143,210,192,210,208,202,192,202,198,230,148,260,254,272,270,285,279,541,286,497,299,729,472,433,325,324,281,363,341,343,322,431,375,398,408,640,640,654,647,639,645,617,471,486,475,479,462,475,472,475,475,492,492,462,370,839,798,781,814,800,791,808,800,965,960,2403,2356,2314,2152,2268,2329,2036,1858,6211,4305,6113,5909]} 1. d4 Nf6 2. Nf3 g6 3. c4 Bg7 4. Nc3 O-O 5. e4 d6 6. Be2 e5 7. d5 Na6 8. O-O Nc5 9. Qc2 a5 10. Bg5 h6 11. Be3 b6 12. Nd2 Bg4 13. Qd1 {E94: King's Indian: Classical: 6 Be2 e5 7 0-0: Various Black 7th moves} Bxe2 14. Qxe2 Qd7 {[#]} 15. b3 $146 {[%cal Bb2b3,Bb3b4][%mdl 32] White is slightly better.} ({Predecessor:} 15. f3 Nh5 16. g3 Rae8 17. b3 f5 18. a3 f4 19. Bxc5 dxc5 20. g4 Nf6 {½-½ (69) Zubarev,A (2552)-Polivanov,A (2399) Mukachevo 2016}) 15... Nh5 16. g3 Qh3 17. f3 g5 (17... f5 $11 {keeps the balance.}) 18. a3 (18. Bxc5 $16 {Ba3 is the strong threat.} bxc5 19. Rae1) 18... Qd7 ({Black should play} 18... f5 $1 $14) 19. Kg2 Kh7 20. b4 Nb7 21. Nb3 a4 {[#]} (21... f5 $16) 22. Nc1 $1 $18 Rg8 23. Nd3 Bf8 24. Rf2 Be7 (24... Nf4+ $16 25. Bxf4 exf4) 25. Bd2 Nf6 26. Raf1 Rg6 27. Be3 Rag8 28. Qd1 Nh5 29. Qxa4 Qc8 (29... Nf4+ $16 30. Bxf4 Qxa4 31. Nxa4 gxf4) 30. Qd1 Nf4+ 31. Kh1 ({Not} 31. Bxf4 gxf4 32. g4 h5 $16) 31... Qh3 32. Rg1 ({Less strong is} 32. gxf4 gxf4 33. Bxf4 Bh4 $16) 32... Nh5 $2 {[#]} (32... Nxd3 33. Qxd3 Ra8) 33. a4 g4 $2 (33... Ra8 34. Nb5 Bd8) 34. Qf1 Bh4 $2 (34... Qxf1 35. Rgxf1 gxf3 36. Rxf3 Rf6) 35. Qxh3 gxh3 36. Ne2 Bg5 37. Bxg5 Rxg5 38. Rff1 Ra8 39. Nc3 Rf8 40. Nf2 Ng7 41. Nxh3 Rh5 (41... Rg6 $142 42. Ra1 Ra8) 42. Kg2 Rg8 43. g4 Ne8 44. Ne2 Rh4 45. Kg3 Rh5 46. Nf2 Rhg5 47. Ra1 f5 48. h4 f4+ 49. Kh3 R5g7 50. Nd3 Nf6 51. Kg2 c5 $2 (51... Ra8 52. Nc3 Rgg8) 52. dxc6 {White is clearly winning.} Nd8 53. b5 Ra7 54. Nec1 Ne6 55. Nb3 Nc7 56. a5 Rb8 57. axb6 Rxa1 58. Rxa1 Rxb6 59. Ra7 Nfe8 60. Rb7 d5 61. exd5 e4 62. fxe4 {Accuracy: White = 55%, Black = 22%.} 1-0

[Event "NOR-chT Eliteserien 2018-19"]
[Site "Norway"]
[Date "2019.03.10"]
[Round "9.29"]
[White "Rygg, Andreas Gangstad"]
[Black "Lahlum, Hans Olav"]
[Result "0-1"]
[WhiteElo "1869"]
[BlackElo "2122"]
[Annotator "NA"]
[PlyCount "100"]
[EventDate "2018.11.02"]
[EventType "team-tourn"]
[EventCountry "NOR"]
[SourceTitle "playchess.com"]
[Source "ChessBase"]
[SourceQuality "1"]
[TimeControl "40/5400+30:1800+30"]

1. e4 {[%emt 0:00:00]} e6 {[%emt 0:00:00]} 2. d4 {[%emt 0:00:00]} d5 {[%emt 0:00:00]} 3. Nc3 {[%emt 0:00:00]} Bb4 {[%emt 0:00:00]} 4. exd5 {[%emt 0:00:00]} exd5 {[%emt 0:00:00]} 5. Bd3 {[%emt 0:00:00]} Nc6 {[%emt 0:00:03]} 6. a3 {[%emt 0:00:00]} Bxc3+ {[%emt 0:00:15]} 7. bxc3 {[%emt 0:03:13]} Be6 {[%emt 0:00:06]} 8. Ne2 {[%emt 0:00:56]} Qd7 {[%emt 0:01:30]} 9. O-O {[%emt 0:02:45]} Nge7 {[%emt 0:03:44]} 10. Nf4 {[%emt 0:08:40]} Bf5 {[%emt 0:00:41]} 11. Re1 {[%emt 0:00:48]} O-O {[%emt 0:01:02]} 12. Rb1 {[%emt 0:01:00]} Bxd3 {[%emt 0:00:44]} 13. Nxd3 {[%emt 0:06:11]} b6 {[%emt 0:00:21]} 14. Bf4 {[%emt 0:00:13]} Ng6 {[%emt 0:00:37]} 15. Bg3 {[%emt 0:01:22]} Na5 {[%emt 0:01:20]} 16. h4 {[%emt 0:17:03]} Nc4 {[%emt 0:00:56]} 17. h5 {[%emt 0:02:18]} Ne7 {[%emt 0:01:04]} 18. Ne5 {[%emt 0:00:39]} Nxe5 {[%emt 0:00:31]} 19. Bxe5 {[%emt 0:02:57]} Nc6 {[%emt 0:01:22]} 20. Bf4 {[%emt 0:03:51]} Na5 {[%emt 0:03:22]} 21. Qf3 {[%emt 0:08:25]} Nc4 {[%emt 0:05:19]} 22. h6 {[%emt 0:01:39]} g6 {[%emt 0:07:31]} 23. Bxc7 {[%emt 0:12:32]} f6 {[%emt 0:04:36]} 24. Bf4 {[%emt 0:01:10]} Nxa3 {[%emt 0:00:42]} 25. Rb2 {[%emt 0:02:58]} Nc4 {[%emt 0:00:18]} 26. Ra2 {[%emt 0:00:52]} a5 {[%emt 0:01:12]} 27. Bc1 {[%emt 0:05:46]} Rae8 {[%emt 0:03:06]} 28. Rd1 {[%emt 0:04:36]} Re6 {[%emt 0:03:07]} 29. Be3 {[%emt 0:02:33]} Rfe8 {[%emt 0:00:50]} 30. Rb1 {[%emt 0:00:59]} f5 {[%emt 0:02:41]} 31. Bf4 {[%emt 0:03:42]} Re1+ {[%emt 0:08:15]} 32. Rxe1 {[%emt 0:00:07]} Rxe1+ {[%emt 0:00:04]} 33. Kh2 {[%emt 0:00:05]} Qe6 {[%emt 0:00:23]} 34. Qd3 {[%emt 0:06:28]} Qe2 {[%emt 0:04:58]} 35. Qxe2 {[%emt 0:00:58]} Rxe2 {[%emt 0:00:05]} 36. Be3 {[%emt 0:00:45]} b5 {[%emt 0:02:42]} 37. Kg3 {[%emt 0:01:44]} a4 {[%emt 0:01:26]} 38. Bg5 {[%emt 0:00:57]} Re1 {[%emt 0:01:35]} 39. Bf4 {[%emt 0:00:38]} a3 {[%emt 0:01:31]} 40. f3 {[%emt 0:00:35]} Rb1 {[%emt 0:01:22]} 41. Bg5 {[%emt 0:04:53]} Rb2 {[%emt 0:04:05]} 42. Ra1 {[%emt 0:00:08]} a2 {[%emt 0:01:14]} 43. Be7 {[%emt 0:16:09]} Rxc2 {[%emt 0:01:25]} 44. Bb4 {[%emt 0:00:50]} Re2 {[%emt 0:12:10]} 45. Kh3 {[%emt 0:02:21]} Kf7 {[%emt 0:00:45]} 46. f4 {[%emt 0:07:18]} Rb2 {[%emt 0:04:24]} 47. g4 {[%emt 0:01:52]} fxg4+ {[%emt 0:00:36]} 48. Kxg4 {[%emt 0:00:06]} Nd2 {[%emt 0:01:28]} 49. Re1 {[%emt 0:00:56]} Rxb4 {[%emt 0:01:59]} 50. cxb4 {[%emt 0:00:28]} Nb1 {[%emt 0:00:44]} 0-1

[Event "NOR-chT Eliteserien 2018-19"]
[Site "Norway"]
[Date "2019.03.10"]
[Round "9.30"]
[White "Runde, Hans Arild"]
[Black "Oye-Stromberg, Alexander"]
[Result "1/2-1/2"]
[WhiteElo "1876"]
[BlackElo "1873"]
[Annotator "NA"]
[PlyCount "42"]
[EventDate "2018.11.02"]
[EventType "team-tourn"]
[EventCountry "NOR"]
[SourceTitle "playchess.com"]
[Source "ChessBase"]
[SourceQuality "1"]
[TimeControl "40/5400+30:1800+30"]

1. Nf3 {[%emt 0:00:58]} Nf6 {[%emt 0:00:00]} 2. g3 {[%emt 0:00:19]} g6 {[%emt 0:00:44]} 3. Bg2 {[%emt 0:00:06]} Bg7 {[%emt 0:00:04]} 4. O-O {[%emt 0:00:13]} O-O {[%emt 0:00:08]} 5. c4 {[%emt 0:00:18]} d6 {[%emt 0:06:26]} 6. Nc3 {[%emt 0:03:31]} Nc6 {[%emt 0:06:37]} 7. d3 {[%emt 0:07:54]} e5 {[%emt 0:00:30]} 8. Rb1 {[%emt 0:09:21]} Nd7 {[%emt 0:12:03]} 9. Nd5 {[%emt 0:08:06]} h6 {[%emt 0:01:08]} 10. b4 {[%emt 0:04:51]} f5 {[%emt 0:02:50]} 11. b5 {[%emt 0:07:27]} Ne7 {[%emt 0:00:30]} 12. Nd2 {[%emt 0:07:15]} Nf6 {[%emt 0:10:14]} 13. Nxf6+ {[%emt 0:01:19]} Rxf6 {[%emt 0:01:29]} 14. e3 {[%emt 0:00:18]} c6 {[%emt 0:05:39]} 15. bxc6 {[%emt 0:06:02]} bxc6 {[%emt 0:08:06]} 16. Qa4 {[%emt 0:04:36]} Qc7 {[%emt 0:04:16]} 17. Ba3 {[%emt 0:03:46]} Bd7 {[%emt 0:06:55]} 18. Qa6 {[%emt 0:04:05]} Bc8 {[%emt 0:00:28]} 19. Qa4 {[%emt 0:00:09]} Bd7 {[%emt 0:00:08]} 20. Qa6 {[%emt 0:00:34]} Bc8 {[%emt 0:00:59]} 21. Qa4 {[%emt 0:00:09]} Bd7 {[%emt 0:00:34]} 1/2-1/2